00492nam a2200145 4500001000700000003000900007007000300016008004100019100003300060245011500093260006100208300001900269700002700288852003100315107740ES-MaACLt|061121s1981 sp r ||||1| spa d1 aMoreno Becerra, José Luis.10aEducación y fuerza de trabajo en Canarias / cJosé Luis Moreno Becerra; prólogo de José Jané Solá. aSanta Cruz de Tenerife : bInterinsular Canaria, c1981. a178 p. ; c23.1 aJané Solá, José. aES-MaACLjL-918 bR.101800